000 00239nam a2200097Ia 4500
005 20251222114356.0
008 251222s1900||||xx |||||||||||||| ||spa||
082 _aDVD0170/S65/2006
245 0 _aIntriga en BerlĂ­n:The good German
942 _cDVD
999 _c1454
_d1454